Harvesting the Heart (Record no. 35862)

MARC details
000 -LEADER
fixed length control field 00258nam a22001217a 4500
020 ## - INTERNATIONAL STANDARD BOOK NUMBER
ISBN 9780340978900
082 ## - DEWEY DECIMAL CLASSIFICATION NUMBER
Classification number 823
Item number PIC
100 ## - MAIN ENTRY--AUTHOR NAME
Personal name Jodi Picoult
245 ## - TITLE STATEMENT
Title Harvesting the Heart
260 ## - PUBLICATION, DISTRIBUTION, ETC. (IMPRINT)
Place of publication America
Name of publisher Hodder
Year of publication 2011
300 ## - PHYSICAL DESCRIPTION
Number of Pages 508
942 ## - ADDED ENTRY ELEMENTS (KOHA)
Koha item type Books
Holdings
Withdrawn status Lost status Collection code Home library Current library Shelving location Date acquired Full call number Accession Number Koha item type
    English Literature St Aloysius College St Aloysius College NEW ARRIVALS 05/07/2025 823 PIC 37550 Books

Powered by Koha